Mensaje presidencial 2006

Shranjeno v:
Bibliografske podrobnosti
Format: Knjiga
Jezik:španščina
Izdano: Santiago Ministerio Secretaría General de Gobierno 2006
Teme:
Oznake: Označite
Brez oznak, prvi označite!

MARC

LEADER 00000nam a2200000 a 4500
001 UCH8197
003 CL-VaPUC
008 091127e20060000CL |||||||||||||||||spa|d
082 0 4 |a 351.003  |b MEN  |2 21 
245 1 0 |a Mensaje presidencial 2006 
300 |a 30 p 
942 |c BK 
945 |d 20091127 00:00:00  |a lazolas 
260 |a Santiago  |b Ministerio Secretaría General de Gobierno  |c 2006 
500 |a Mensaje al país de la presidenta de la república, señora Michelle Bachelet Jeria, en el inicio de la legislatura ordinaria del Congreso Nacional 
600 0 |a Bachelet Jeria, Michelle  |9 521059 
650 7 |a MENSAJE 2006  |2 CL-VaPUC  |9 544650 
650 0 |a Política y gobierno  |9 255151 
650 0 |a Política económica   |9 255029 
651 7 |a CHILE  |2 CL-VaPUC  |9 544651 
583 |a last modification  |c 20160602 17:24:51  |k Rodrigo Vera 
999 |c 338431  |d 338429